The Indian National Flag unfurled through Philately/ (Record no. 83007)

MARC details
000 -LEADER
fixed length control field 00727nam a22001937a 4500
005 - DATE AND TIME OF LATEST TRANSACTION
control field 20190528113856.0
010 ## - LCCN (DPL NO)
LC control number B-505473 ENG-125347
020 ## - INTERNATIONAL STANDARD BOOK NUMBER
International Standard Book Number 9789381523391
Terms of availability 495.00
035 ## - SYSTEM CONTROL NUMBER
System control number B-505473 EN-108879
037 ## - SOURCE OF ACQUISITION
Stock number dpl
Source of stock number/acquisition KKP/Ven
082 ## - DEWEY DECIMAL CLASSIFICATION NUMBER
Classification number 383.230954
100 ## - MAIN ENTRY--PERSONAL NAME
Personal name Chakrabarti, Sekhar
245 ## - TITLE STATEMENT
Title The Indian National Flag unfurled through Philately/
Statement of responsibility, etc by Sekhar Chakrabarti
260 ## - PUBLICATION, DISTRIBUTION, ETC. (IMPRINT)
Place of publication, distribution, etc New Delhi
Name of publisher, distributor, etc Niyogi Books
Date of publication, distribution, etc 2012
270 ## - ADDRESS
Address D-78, Okhla Industrial Area, Phase-I
City New Delhi
Postal code 110020, INDIA
300 ## - PHYSICAL DESCRIPTION
Extent 172p.:
Other physical details col.ill.
Dimensions 24cm(pbk)
942 ## - ADDED ENTRY ELEMENTS (KOHA)
Source of classification or shelving scheme Dewey Decimal Classification
Item type English Books
Classification part 383.230954
Call number suffix CHA
Holdings
Withdrawn status Lost status Not for loan Collection code Home library Current library Date acquired Source of acquisition Cost, normal purchase price Full call number Barcode Copy number Cost, replacement price Koha item type
      Non-fiction Andrews Gunj Andrews Gunj 28/05/2019 DBAD/PUB 495.00 383.230954 CHA EN-108879 1 495.00 English Books
      Non-fiction Central Library Central Library 13/03/2014 KKP/BL2984/11.03.2013/172/11.03.2013/20.03.2013 495.00 383.230954 CHA B-505473 1 495.00 English Books
      Non-fiction Janak Puri Janak Puri 13/03/2014 KKP/BL2984/11.03.2013/172/11.03.2013/20.03.2013 495.00 383.230954 CHA B-505476 1 495.00 English Books
      Non-fiction Karol Bagh Karol Bagh 13/03/2014 KKP/BL2984/11.03.2013/172/11.03.2013/20.03.2013 495.00 383.230954 CHA B-505477 1 495.00 English Books
      Non-fiction Kasturba Gandhi Marg Kasturba Gandhi Marg 13/03/2014 KKP/BL2984/11.03.2013/172/11.03.2013/20.03.2013 495.00 383.230954 CHA B-505475 1 495.00 English Books
      Non-fiction Narela Narela 13/03/2014 KKP/BL2984/11.03.2013/172/11.03.2013/20.03.2013 495.00 383.230954 CHA B-505478 1 495.00 English Books
      Non-fiction Patel Nagar Patel Nagar 13/03/2014 KKP/BL2984/11.03.2013/172/11.03.2013/20.03.2013 495.00 383.230954 CHA B-505474 1 495.00 English Books

© Delhi Public Library
Hit Counter
free hit counter